Music Quiz

Random Music or Singers Quiz

'Sweet Caroline' Lyrics Quiz Stats

 Plays Quiz Updated May 16, 2016

Score 0/138 Timer 06:00
3 Plays Today
% Correct
Sweet
98.4%
Sweet
98.4%
Sweet
98.4%
Sweet
98.4%
Caroline
97.9%
Caroline
97.9%
Caroline
97.9%
Caroline
97.9%
I
94.7%
I
94.7%
I
94.7%
I
94.7%
I
94.7%
I
94.7%
so
90.2%
so
90.2%
so
90.2%
so
90.2%
never
89.3%
never
89.3%
never
89.3%
never
89.3%
never
89.3%
never
89.3%
Good
88.7%
good
88.7%
Good
88.7%
good
88.7%
Good
88.7%
good
88.7%
to
87.1%
To
87.1%
To
87.1%
times
86.1%
times
86.1%
times
86.1%
you
85.2%
you
85.2%
you
85.2%
the
81.3%
the
81.3%
the
81.3%
in
78.4%
it
76.6%
it
76.6%
it
76.6%
% Correct
me
76.3%
me
76.3%
seem
73.8%
seemed
71.2%
seemed
71.2%
seemed
71.2%
can
67.7%
touchin'
66.4%
Touchin'
66.4%
Touchin'
66.4%
touchin'
66.4%
Touchin'
66.4%
Touchin'
66.4%
Where
66.3%
believe
65.8%
believe
65.8%
been
64.9%
been
64.8%
been
64.8%
would
63.8%
would
63.8%
inclined
63.2%
inclined
63.2%
inclined
63.2%
out
62.8%
out
62.8%
And
62.4%
And
62.4%
And
62.4%
I've
61.1%
I've
61.1%
I've
61.1%
know
61%
began
60.9%
Reachin'
60.4%
Reachin'
60.4%
We
60%
begin
59.6%
can't
59%
no,
58%
no
58%
Hands,
57.9%
hands
57.9%
when
57.5%
when
57.5%
they
56.1%
% Correct
they
56.1%
they
56.1%
But
51.6%
But
51.6%
then
50.9%
summer
50.8%
spring
49.4%
spring
49.4%
Was
49.4%
became
46.2%
could
45.6%
it's
44.4%
Oh,
42.6%
have
42%
my
40.9%
strong
39.6%
How
39.3%
I'm
39%
now
38.8%
come
36.5%
at
35.1%
don't
34.1%
believed
33.9%
believed
33.9%
with
33.9%
along
33%
Who'd
31.3%
look
30.9%
night
30.9%
lonely
30.2%
off
29.8%
you'd
29.7%
growin'
28.7%
hurt
28.2%
hurt
28.2%
up
28%
only
27.9%
holdin'
27.5%
Warm,
27.2%
warm
27.2%
two
27.1%
knowin'
26.1%
Hurtin'
24.4%
shoulders
23.2%
runs
23.2%
fill
21.6%

You're not logged in!

Compare scores with friends on all Sporcle quizzes.
OR
Log In

You Might Also Like...

Show Comments

Extras

Top Quizzes Today


Score Distribution

Your Account Isn't Verified!

In order to create a playlist on Sporcle, you need to verify the email address you used during registration. Go to your Sporcle Settings to finish the process.

Report this User

Report this user for behavior that violates our Community Guidelines.

Details: